00446nam a2200181Ia 4500003000400000005001700004008004100021020001300062040000700075041000800082082001800090100004000108245003200148260004200180300001600222365001400238650001200252OSt20230429110454.0210423s2001 xx 000 0 und d a19850229 cAL aeng a574.1925 PRIN aPRICE (Nicholas C);STEVENS (Lewis). aFundamentals of enzymology. aOxfordbOxford University Pressc2001 axviii,478,7 b2387cINR aEnzymes